Soil Mechanics and Foundation Engineering (Record no. 6387)

MARC details
000 -LEADER
fixed length control field 00434nmm a2200145 a 4500
020 ## - INTERNATIONAL STANDARD BOOK NUMBER
ISBN 8120340809
020 ## - INTERNATIONAL STANDARD BOOK NUMBER
ISBN 978-8120340800
100 1# - MAIN ENTRY--AUTHOR NAME
Personal name Kalita, Utsav Chandra
245 10 - TITLE STATEMENT
Title Soil Mechanics and Foundation Engineering
260 ## - PUBLICATION, DISTRIBUTION, ETC. (IMPRINT)
Place of publication [S.l.] :
Name of publisher PHI Learning Private Limited,
Year of publication 2013.
650 ## - SUBJECT ADDED ENTRY--TOPICAL TERM
Topical Term Soil Mechanics
650 ## - SUBJECT ADDED ENTRY--TOPICAL TERM
Topical Term Foundation Engineering
856 ## - ELECTRONIC LOCATION AND ACCESS
Uniform Resource Identifier http://www.amazon.com/exec/obidos/ASIN/B00DYX09AQ/chopacon
942 ## - ADDED ENTRY ELEMENTS (KOHA)
Koha item type Books
Holdings
Withdrawn status Lost status Home library Current library Date acquired Cost, normal purchase price Full call number Accession Number Koha item type
    Central Library, QUEST, Nawabshah Central Library, QUEST, Nawabshah 13/06/2014 550.00 624.151KAL 42800 Books
    Central Library, QUEST, Nawabshah Central Library, QUEST, Nawabshah 13/06/2014 550.00 624.151KAL 42801 Books